000 00354pam a2200157a 44500
008 230515b1992 xxu||||| |||| 00| 0 eng d
020 _aNULL
041 _aENGLISH
082 _a630
100 _aGOGATE A B
245 _aCOMPONENT & DEVICES TECHNOLOGY
250 _a5
260 _aDELHI
_bNERALI PRAKASHAN
_c1992
300 _a283
650 _aNULL
999 _c651419
_d651419